000 00546nam a2200193Ia 4500
005 20250508154951.0
008 008 250505s9999 xx 000 0 eng d
037 _aTextual
040 _aFEDL
_beng
_cFEDL
041 _aeng
_2eng
084 _a372.3, NEL
_qFEDL
100 _aNelson Pearl Astrid
_9766477
245 0 _aElementary school science activities
260 _aEnglewood Cliffs
_bPrentice-Hall
_c1968
300 _aix,210p
650 _aTeaching Technique
942 _cTEXL
_h372.3, NEL
999 _c1353181
_d1353181